Colette Kendrick

N/A


Categories

Fine Arts - Painting3400854080.4300
Literature - World and Miscellaneous15006561110.3300
Literature - British06006080112.8300
Literature - European2300602996.0001
Literature - American050050105121.4000
Other - Other Academic and General Knowledge1100254564.5011
Current Events - U.S.0200207274.5000
Fine Arts - Opera020020123125.0000
RMP - Hinduism020020115122.5000
RMP - Philosophy0200208299.0000
RMP - World Mythology02002082102.0000
Fine Arts - Photography1000156363.0000
RMP - East Asian Religion1000156363.0001
History - European010010122122.0000
Fine Arts - Miscellaneous010010136136.0000
History - American0100107171.0000
Fine Arts - Sculpture010010101101.0000
Social Science - Economics010010122122.0000
RMP - Jewish Practice010010110110.0000
RMP - Other Religion0100105959.0000
Social Science - Linguistics0100108080.0000
Social Science - Psychology0100106161.0000
Science - Biology010010144144.0000
Science - Chemistry010010118118.0000
Science - Engineering and Miscellaneous0100106565.0000
Geography - Europe0100109292.0000
Fine Arts - Architecture000000.0000
Fine Arts - Film000000.0000

Buzzes

Literature - EuropeanAnton Chekhov2029
Fine Arts - PaintingThe Third of May, 18082040
Social Science - Psychologyemotions040
Other - Other Academic and General KnowledgeSalman Rushdie2045
Fine Arts - Architectureoffice buildings053
RMP - Other ReligionJainism1059
Social Science - Psychologytrauma1061
Fine Arts - PaintingFrans Hals1061
Literature - World and MiscellaneousRepublic of Gilead2061
Fine Arts - PhotographyWinston Churchill2063